| 000 | 01357nac a22003251u 4500 | ||
|---|---|---|---|
| 010 | _a 00068996 | ||
| 020 | _a0415246350 (hbk) | ||
| 020 | _a0415246369 (pbk) | ||
| 082 | 0 | 0 |
_a303.4833 _bCUL |
| 090 |
_c9135 _d9135 |
||
| 100 | _a20080729 | ||
| 245 | 0 | 0 |
_aCulture and politics in the information age : a new politics? / _cedited by Frank Webster. |
| 260 |
_aLondon ; _aNew York : _bRoutledge,C.2001. _cC.2001. |
||
| 300 |
_axi, 231 p. ; _c24 cm. |
||
| 440 | 0 | _aTransnationalism | |
| 500 | _aMost papers were presented at a conference at the University of Birmingham on 16 and 17 Sept. 1999. | ||
| 500 | _aDistributer: Al-Ahram. | ||
| 504 | _aIncludes bibliographical references (p. [207]-223) and index. | ||
| 511 | _aCatalogued By: Mahitab. | ||
| 650 | 0 |
_aInformation society _vCongresses. |
|
| 650 | 0 |
_aInformation technology _xSocial aspects _vCongresses. |
|
| 650 | 0 |
_aInformation technology _xPolitical aspects _vCongresses. |
|
| 650 | 0 |
_aInternet _xSocial aspects _vCongresses. |
|
| 650 | 0 |
_aInternet _xPolitical aspects _vCongresses. |
|
| 650 | 0 |
_aPolitics and culture _vCongresses. |
|
| 650 | 0 |
_aSocial movements _vCongresses. |
|
| 700 | 1 | _aWebster, Frank. | |
| 856 | 4 | 2 |
_3Publisher description _uhttp://www.loc.gov/catdir/enhancements/fy0650/00068996-d.html |
| 942 |
_cBB _k303.4833CUL |
||
| 999 |
_c9135 _d9135 |
||